|
|
|
|
| LEADER |
00000nam0a2200000 4500 |
| 001 |
248248 |
| 005 |
20231101232353.0 |
| 020 |
|
|
|a RU
|b 88-85632
|
| 035 |
|
|
|a (RuTPU)RU\TPU\book\269998
|
| 035 |
|
|
|a RU\TPU\book\210542
|
| 090 |
|
|
|a 248248
|
| 100 |
|
|
|a 20110315d1988 k y0rusy5003 ca
|
| 101 |
0 |
|
|a rus
|
| 102 |
|
|
|a RU
|
| 105 |
|
|
|a a z 001zy
|
| 200 |
1 |
|
|a Рациональное использование недр и охрана окружающей среды
|e межвузовский сборник научных трудов
|f Ленинградский горный институт им. Г. В. Плеханова (ЛГИ) ; под ред. Е. А. Соловьевой, Г. Г. Мирзаева
|
| 210 |
|
|
|a Ленинград
|c Изд-во ЛГИ
|d 1988
|
| 215 |
|
|
|a 124 с.
|c ил.
|d 26 см
|
| 320 |
|
|
|a Библиогр. в конце статей
|
| 606 |
1 |
|
|a Минеральное сырье
|x Использование комплексное
|2 stltpush
|3 (RuTPU)RU\TPU\subj\44028
|
| 606 |
1 |
|
|a Охрана окружающей среды в целом
|2 stltpush
|3 (RuTPU)RU\TPU\subj\38949
|9 59193
|
| 610 |
1 |
|
|a использование
|
| 610 |
1 |
|
|a окружающая среда
|
| 610 |
1 |
|
|a экономический механизм
|
| 610 |
1 |
|
|a недра
|
| 610 |
1 |
|
|a природоведение
|
| 610 |
1 |
|
|a эффективность
|
| 610 |
1 |
|
|a защита
|
| 610 |
1 |
|
|a ресурсосбережение
|
| 675 |
|
|
|a 622.7.017
|z rus
|v 3
|
| 675 |
|
|
|a 502.3
|z rus
|v 3
|
| 702 |
|
1 |
|a Соловьева
|b Е. А.
|g Евгения Анатольевна
|4 340
|
| 702 |
|
1 |
|a Мирзаев
|b Г. Г.
|4 340
|
| 712 |
0 |
2 |
|a Ленинградский горный институт им. Г. В. Плеханова (ЛГИ)
|c (1924-1991)
|2 stltpush
|3 (RuTPU)RU\TPU\col\1021
|
| 801 |
|
0 |
|a RU
|b RuMRKP
|c 19950417
|g psbo
|
| 801 |
|
1 |
|a RU
|b 63413507
|c 20140121
|
| 801 |
|
2 |
|a RU
|b 63413507
|c 20140424
|g RCR
|
| 942 |
|
|
|c BK
|